000 00421nam a2200181Ia 4500
001 3059
005 20260306144852.0
008 260306t2016||||xx |||||||||||||| ||spa||
041 _aESP
082 _a248.4
_bF42
100 _aFernández-Pacheco, Javier
_eAUT
245 0 _aLa alegría interior
260 _c2016
300 _a140 páginas :
_c19 cm.
650 _aGEN
654 _aCHU
942 _cLIB
_dJUS
_fJUS
_2ddc
_n
999 _c3059
_d3059